000 00655nam a2200181 i 4500
001 48972
003 ES-MaACL
007 t|
008 030703s1955 sp ||||1| spa d
100 1 _aCornelius, Hans.
_940620
245 1 0 _aFundamentos de geología general /
_cpor Hans Peter Cornelius ; completado por Marta Cornelius-Furlani ; [traducción directa del alemán por José María Rios].
260 _aMadrid :
_bAlhambra,
_c1955 (
_fGrijelmo)
300 _aXV, 406 p., 15 lám. :
_bil. ;
_c22 cm.
700 1 _aCornelius-Furlani, Marta.
_940622
700 1 _aRios, José María.
_9201465
852 _aES-MaACL
_jB-8731
_bR.37817
999 _c48972
_d48972